[Event "BAN-chT"]
[Site "Dhaka"]
[Date "2016.11.30"]
[Round "8.3"]
[White "Hossain, Alamgir"]
[Black "Mollah, Mohiuddin"]
[Result "1/2-1/2"]
[WhiteElo "2072"]
[BlackElo "1888"]
[PlyCount "154"]
[EventDate "2016.11.23"]
[EventType "team-tourn"]
[EventRounds "9"]
[EventCountry "BAN"]
[SourceTitle "EXT 2018"]
[Source "ChessBase"]
[SourceDate "2017.10.13"]
[SourceVersion "1"]
[SourceVersionDate "2017.10.13"]
[SourceQuality "1"]
[WhiteTeam "Agrani Bank Daba Dal"]
[BlackTeam "Mohakhali Pradip Sangah"]
[WhiteTeamCountry "BAN"]
[BlackTeamCountry "BAN"]

1. e4 e5 2. f4 d6 3. Nf3 Bg4 4. Bc4 Nc6 5. c3 Qe7 6. 0-0 Nf6 7. fxe5 Nxe5 8. Be2 Bxf3 9. gxf3 0-0-0 10. d4 Ng6 11. Qa4 Kb8 12. Na3 Qd7 13. Qb3 Nh5 14. f4 Nf6 15. e5 dxe5 16. fxe5 Nd5 17. Nc2 f6 18. c4 Nb6 19. exf6 gxf6 20. a4 Rg8 21. Kh1 Qe6 22. Qe3 Qd7 23. Qf2 Nxc4 24. Qf5 Qxf5 25. Rxf5 Nd6 26. Rxf6 Bg7 27. Rf1 Rde8 28. Bd3 Ne4 29. Be3 a6 30. Rf3 Nf6 31. Raf1 Nd5 32. Bd2 Rd8 33. Rf7 Rd6 34. a5 Rf6 35. R1xf6 Nxf6 36. Nb4 Nh8 37. Re7 Bf8 38. Re2 Bd6 39. Nc2 Ng6 40. Bc4 Re8 41. Rxe8+ Nxe8 42. Bg5 Bf4 43. h4 Bxg5 44. hxg5 Nd6 45. Bg8 Nf8 46. Ne1 Nf5 47. Nf3 Ne7 48. Bf7 Nc6 49. Kg2 Kc8 50. Kg3 Kd8 51. Kf4 Ke7 52. Bd5 Nxa5 53. Ke4 c6 54. Bg8 b5 55. Ne5 Ne6 56. Bxe6 Kxe6 57. b4 Nc4 58. Nxc6 Nd6+ 59. Kf4 Kd5 60. Nb8 Kxd4 61. Nxa6 Kc4 62. Ke5 Nf7+ 63. Kf6 Nd6 64. Kg7 Ne4 65. Kh6 Kc3 66. Kh5 Kc4 67. Kg4 Nd6 68. Kf4 Nf7 69. Kf5 Nd6+ 70. Ke5 Nf7+ 71. Kf6 Nd6 72. Kg7 Ne4 73. Kh6 Kc3 74. Kh5 Kc4 75. Kg4 Nd6 76. Kh5 Ne4 77. Kh6 Kc3 1/2-1/2